Countries of the Indian Subcontinent by Population - Statistics

General Stats
  • This quiz has been taken 47 times
  • The average score is 6 of 7
Answer Stats
Hint Answer % Correct
166,542,566 Bangladesh
100%
1,395,324,841 India
100%
225,822,876 Pakistan
100%
29,737,615 Nepal
94%
781,223 Bhutan
91%
21,513,581 Sri Lanka
82%
551,451 Maldives
70%
No matching quizzes found
Score Distribution
Percent of People with Each Score
Percentile by Number Answered
Your Score History
You have not taken this quiz